Catalogue of Martín Fierro : materials in the University of Texas library: in conmemoration of the 100 th annivesary of the publication of Martín Fierro /
Gespeichert in:
| 1. Verfasser: | |
|---|---|
| Format: | Unbekannt |
| Sprache: | English |
| Veröffentlicht: |
Austin, Estados Unidos :
Institute of Latin American Studies,
1973.
|
| Schlagworte: | |
| Tags: |
Tag hinzufügen
Keine Tags, Fügen Sie den ersten Tag hinzu!
|
MARC
| LEADER | 000000000a22000000004500 | ||
|---|---|---|---|
| 001 | 001718 | ||
| 020 | |a 0292710097 | ||
| 041 | 0 | |a eng | |
| 082 | 0 | 4 | |a Ar861.2A |b H557b |
| 100 | 1 | |a Benson, Nettie Lee, editor | |
| 245 | 1 | 0 | |a Catalogue of Martín Fierro : |b materials in the University of Texas library: in conmemoration of the 100 th annivesary of the publication of Martín Fierro / |c Nettie Lee Benson. |
| 260 | 1 | |a Austin, Estados Unidos : |b Institute of Latin American Studies, |c 1973. | |
| 300 | |a xi, 135 páginas | ||
| 650 | 4 | |a HERNANDEZ, JOSÉ, 1834-1886. MARTÍN FIERRO | |
| 650 | 4 | |a BIBLIOGRAFÍA | |
| 942 | |b BK | ||
| 999 | |c 8402 |d 8402 | ||



